|
|
|
|
| LEADER |
01096cam a2200313 a 4500 |
| 001 |
c000269184 |
| 003 |
CARM |
| 005 |
20070827171226.0 |
| 008 |
840716s1984 enka b 001 0 eng d |
| 015 |
|
|
|a b8425146
|
| 019 |
1 |
|
|a 3319391
|5 LACONCORD2021
|
| 020 |
|
|
|a 0333365461 :
|c £30.00
|
| 035 |
|
|
|a (OCoLC)11557159
|5 LACONCORD2021
|
| 040 |
|
|
|a BNB
|b eng
|c BNB
|d ABN:1
|
| 050 |
0 |
0 |
|a HG3853.7
|
| 050 |
|
4 |
|a HG3853.7
|b .P42
|
| 082 |
0 |
4 |
|a 657
|
| 082 |
1 |
4 |
|a 657
|2 19
|
| 100 |
1 |
|
|a Pearcy, Jeff.
|
| 245 |
1 |
0 |
|a How to account for foreign currencies /
|c Jeff Pearcy.
|
| 260 |
|
|
|a London :
|b Macmillan,
|c 1984.
|
| 300 |
|
|
|a x, 264 p. :
|b ill. ;
|c 22 cm.
|
| 500 |
|
|
|a Accounting. Implications of variation in foreign exchange rates (BNB/PRECIS)
|
| 500 |
|
|
|a Includes index.
|
| 504 |
|
|
|a Bibliography: p. 256.
|
| 650 |
|
0 |
|a Foreign exchange futures
|x Accounting.
|
| 852 |
8 |
|
|b CARM
|h A1:AN13F0
|i B08694
|p 0385955
|f BK
|
| 999 |
f |
f |
|i 239e8f59-30a1-5bae-b5a4-9488b1d1ccd7
|s c75032b4-41b8-5d72-b1ac-ec94286625f9
|
| 952 |
f |
f |
|p Can circulate
|a CAVAL
|b CAVAL
|c CAVAL
|d CARM 1 Store
|e B08694
|f A1:AN13F0
|h Other scheme
|i book
|m 0385955
|